[Event "Budapest One Week IM"]
[Site "Budapest"]
[Date "2023.08.24"]
[Round "5"]
[White "Izsak, Gyula"]
[Black "Vincenti, Leonardo"]
[Result "1/2-1/2"]
[WhiteElo "2396"]
[BlackElo "2140"]
[PlyCount "83"]
[EventDate "2023.08.21"]
[EventType "tourn"]
[EventRounds "9"]
[EventCountry "HUN"]
[SourceTitle "CBM 215 Extra"]
[Source "ChessBase"]
[SourceDate "2023.09.30"]
[SourceVersion "1"]
[SourceVersionDate "2023.09.30"]
[SourceQuality "1"]

1. d4 d5 2. Nf3 e6 3. c4 Nf6 4. Nc3 c6 5. cxd5 exd5 6. Qc2 g6 7. Bg5 Be7 8. e3 Bf5 9. Bd3 Bxd3 10. Qxd3 0-0 11. 0-0 Nbd7 12. Rad1 Re8 13. Nd2 Ne4 14. Bxe7 Qxe7 15. Ndxe4 dxe4 16. Qc2 Nb6 17. d5 cxd5 18. Nxd5 Nxd5 19. Rxd5 Red8 20. Rc5 Rd3 21. Rc7 Qb4 22. Rc4 Qd2 23. Rc8+ Rxc8 24. Qxc8+ Kg7 25. Qxb7 Qe2 26. h3 Rd2 27. Qxa7 Rxb2 28. Qd4+ Kg8 29. a4 Qc2 30. Qd8+ Kg7 31. Qd1 Qxd1 32. Rxd1 Ra2 33. Rd4 f5 34. g4 Kf6 35. Rb4 Kg5 36. Rc4 h5 37. gxf5 gxf5 38. Rb4 h4 39. Rd4 Ra1+ 40. Kh2 Ra2 41. Kg2 Ra1 42. Rb4 1/2-1/2

[Event "HUN-chT 2223"]
[Site "Hungary"]
[Date "2023.02.19"]
[Round "6.9"]
[White "Izsak, Gyula"]
[Black "Matyassy, Lazar"]
[Result "1/2-1/2"]
[WhiteElo "2397"]
[BlackElo "2239"]
[PlyCount "73"]
[EventDate "2022.11.20"]
[EventType "team-tourn"]
[EventRounds "9"]
[EventCountry "HUN"]
[SourceTitle "CBM 213 Extra"]
[Source "ChessBase"]
[SourceDate "2023.05.31"]
[SourceVersion "1"]
[SourceVersionDate "2023.05.31"]
[SourceQuality "1"]
[WhiteTeam "Kobanya Aquarena"]
[BlackTeam "Budapest MTK"]
[WhiteTeamCountry "HUN"]
[BlackTeamCountry "HUN"]

1. d4 Nf6 2. c4 e6 3. Nc3 Bb4 4. Qc2 0-0 5. Nf3 c5 6. dxc5 Na6 7. Bd2 Nxc5 8. e3 b6 9. Be2 Bb7 10. 0-0 d5 11. cxd5 Bxc3 12. Bxc3 Nxd5 13. Rfd1 Qe7 14. Bd4 Rac8 15. Rac1 Rfd8 16. Qb1 Nb4 17. a3 Bxf3 18. Bxf3 Nbd3 19. Bxc5 Rxc5 20. Rxc5 Nxc5 21. b4 Rxd1+ 22. Qxd1 Nd7 23. Qd4 h6 24. h3 Nf6 25. Qe5 Qd8 26. a4 Ne8 27. Qb5 a5 28. bxa5 bxa5 29. g3 Nf6 30. Kg2 Qc7 31. Qa6 Qd8 32. Qb7 Ne8 33. Qc6 Nf6 34. Qc5 Ne8 35. Qb5 Nf6 36. Bc6 Qc7 37. Bf3 1/2-1/2

[Event "HUN-chT 2122"]
[Site "Hungary"]
[Date "2022.04.10"]
[Round "9.6"]
[White "Szalai, Kornel"]
[Black "Izsak, Gyula"]
[Result "1/2-1/2"]
[WhiteElo "2382"]
[BlackElo "2409"]
[PlyCount "53"]
[EventDate "2021.10.10"]
[EventType "team-tourn"]
[EventRounds "9"]
[EventCountry "HUN"]
[SourceTitle "EXT 2023"]
[Source "ChessBase"]
[SourceDate "2022.10.05"]
[SourceVersion "1"]
[SourceVersionDate "2022.10.05"]
[SourceQuality "1"]
[WhiteTeam "Mako Duocor"]
[BlackTeam "Kobanya Aquarena"]
[WhiteTeamCountry "HUN"]
[BlackTeamCountry "HUN"]

1. Nf3 Nf6 2. c4 e6 3. g3 c5 4. Bg2 Be7 5. 0-0 0-0 6. Nc3 a6 7. b3 d6 8. Bb2 Nc6 9. d4 cxd4 10. Nxd4 Bd7 11. Rc1 Rc8 12. Nxc6 Bxc6 13. Qd2 Bxg2 14. Kxg2 Qc7 15. Kg1 Rfd8 16. Rfd1 Qb8 17. Qd3 d5 18. cxd5 Nxd5 19. Nxd5 Rxd5 20. Rxc8+ Qxc8 21. Qb1 Qd7 22. Rxd5 Qxd5 23. Qc2 Qd7 24. Kg2 Qd5+ 25. Kg1 Qd7 26. Kg2 Qd5+ 27. Kg1 1/2-1/2

[Event "HUN-chT 2122"]
[Site "Hungary"]
[Date "2022.03.20"]
[Round "8.6"]
[White "Izsak, Gyula"]
[Black "Berczes, David"]
[Result "1/2-1/2"]
[WhiteElo "2409"]
[BlackElo "2457"]
[PlyCount "72"]
[EventDate "2021.10.10"]
[EventType "team-tourn"]
[EventRounds "9"]
[EventCountry "HUN"]
[SourceTitle "EXT 2023"]
[Source "ChessBase"]
[SourceDate "2022.10.05"]
[SourceVersion "1"]
[SourceVersionDate "2022.10.05"]
[SourceQuality "1"]
[WhiteTeam "Kobanya Aquarena"]
[BlackTeam "Dunaharaszti"]
[WhiteTeamCountry "HUN"]
[BlackTeamCountry "HUN"]

1. d4 Nf6 2. c4 e6 3. Nc3 Bb4 4. Qc2 d5 5. cxd5 exd5 6. Bg5 c5 7. Nf3 h6 8. Bxf6 Qxf6 9. dxc5 Bf5 10. Qb3 Nc6 11. e3 0-0 12. Be2 d4 13. Nxd4 Nxd4 14. exd4 Qxd4 15. 0-0 Be6 16. Qc2 Qxc5 17. Bf3 Rab8 18. Rac1 Rfc8 19. Qe4 Qa5 20. Nd5 Rxc1 21. Rxc1 Bd6 22. a3 Qd2 23. Rc2 Qg5 24. h4 Qe5 25. Qxe5 Bxe5 26. Re2 Bd6 27. Nc3 b5 28. Bd5 Bg4 29. Rd2 Bf8 30. Rd4 Bf5 31. g4 Be6 32. Bxe6 fxe6 33. Kg2 b4 34. axb4 Bxb4 35. h5 Bf8 36. Rd2 a5 1/2-1/2

[Event "HUN-chT 2122"]
[Site "Hungary"]
[Date "2022.01.30"]
[Round "5.6"]
[White "Izsak, Gyula"]
[Black "Popovic, Dusan"]
[Result "0-1"]
[WhiteElo "2409"]
[BlackElo "2469"]
[PlyCount "76"]
[EventDate "2021.10.10"]
[EventType "team-tourn"]
[EventRounds "9"]
[EventCountry "HUN"]
[SourceTitle "EXT 2023"]
[Source "ChessBase"]
[SourceDate "2022.10.05"]
[SourceVersion "1"]
[SourceVersionDate "2022.10.05"]
[SourceQuality "1"]
[WhiteTeam "Kobanya Aquarena"]
[BlackTeam "Paks"]
[WhiteTeamCountry "HUN"]
[BlackTeamCountry "HUN"]

1. d4 g6 2. Nf3 Bg7 3. c4 Nf6 4. Nc3 d6 5. e4 0-0 6. Be2 Nbd7 7. 0-0 e5 8. d5 Nc5 9. Qc2 a5 10. Ne1 Bd7 11. Be3 b6 12. Rc1 Ng4 13. Bxg4 Bxg4 14. Nd3 Bd7 15. Nxc5 bxc5 16. Qd2 f5 17. f4 exf4 18. Bxf4 Qf6 19. Be3 Qe5 20. exf5 Rxf5 21. Rxf5 Qxf5 22. Rf1 Qe5 23. Re1 Qf5 24. Rf1 Qe5 25. Re1 Qf5 26. Rf1 Qg4 27. Rf4 Qh5 28. Rf1 Re8 29. Re1 Be5 30. Bf4 Bd4+ 31. Kh1 Rf8 32. Be3 Be5 33. Bg1 Rf4 34. Qd3 Rh4 35. g3 Bf5 36. Ne4 Rg4 37. Bf2 Bxe4+ 38. Rxe4 Qf5 0-1

[Event "HUN-chT 1920"]
[Site "Hungary"]
[Date "2020.08.30"]
[Round "8.4"]
[White "Izsak, Gyula"]
[Black "Lizak, Peter"]
[Result "1/2-1/2"]
[WhiteElo "2424"]
[BlackElo "2463"]
[PlyCount "30"]
[EventDate "2019.11.16"]
[EventType "team-tourn"]
[EventRounds "9"]
[EventCountry "HUN"]
[SourceTitle "EXT 2021"]
[Source "ChessBase"]
[SourceDate "2020.10.23"]
[SourceVersion "1"]
[SourceVersionDate "2020.10.23"]
[SourceQuality "1"]
[WhiteTeam "Kobanya Aquarena"]
[BlackTeam "Paks"]
[WhiteTeamCountry "HUN"]
[BlackTeamCountry "HUN"]

1. d4 Nf6 2. c4 c5 3. Nf3 cxd4 4. Nxd4 e5 5. Nc2 d5 6. cxd5 Qxd5 7. Qxd5 Nxd5 8. e4 Nb4 9. Nxb4 Bxb4+ 10. Bd2 Bxd2+ 11. Nxd2 Be6 12. Bc4 Ke7 13. Bxe6 Kxe6 14. Nb3 Rc8 15. Kd2 Na6 1/2-1/2

[Event "HUN-chT 1920"]
[Site "Hungary"]
[Date "2020.02.16"]
[Round "6.6"]
[White "Izsak, Gyula"]
[Black "Nayhebaver, Martin"]
[Result "1/2-1/2"]
[WhiteElo "2424"]
[BlackElo "2471"]
[PlyCount "139"]
[EventDate "2019.11.16"]
[EventType "team-tourn"]
[EventRounds "9"]
[EventCountry "HUN"]
[SourceTitle "CBM 195 Extra"]
[Source "ChessBase"]
[SourceDate "2020.05.31"]
[SourceVersion "1"]
[SourceVersionDate "2020.05.31"]
[SourceQuality "1"]
[WhiteTeam "Kobanya Aquarena"]
[BlackTeam "DVTK"]
[WhiteTeamCountry "HUN"]
[BlackTeamCountry "HUN"]

1. d4 Nf6 2. c4 e6 3. Nc3 Bb4 4. Qc2 0-0 5. Nf3 c5 6. dxc5 Na6 7. e3 Nxc5 8. Bd2 b6 9. Be2 Bb7 10. 0-0 Qe7 11. Rfd1 Bxc3 12. Bxc3 Rac8 13. Rac1 Nfe4 14. Bd4 d6 15. b4 Nd7 16. Qa4 Bc6 17. Qb3 e5 18. Bb2 Qf6 19. Bd3 Qe7 20. Bxe4 Bxe4 21. Ne1 Rc6 22. f3 Bf5 23. Nc2 Be6 24. Na3 Rfc8 25. Qd3 a6 26. e4 h5 27. Rc3 h4 28. h3 Nf8 29. b5 axb5 30. cxb5 Rxc3 31. Bxc3 d5 32. Bxe5 dxe4 33. Qe3 exf3 34. Qxf3 Ng6 35. Bd4 Rd8 36. Nc2 Bxa2 37. Bxb6 Rxd1+ 38. Qxd1 Bb3 39. Qd2 Bxc2 40. Qxc2 Qe1+ 41. Kh2 Qe5+ 42. Kg1 Qxb5 43. Bf2 Qg5 44. Qe4 Kh7 45. Qf3 f5 46. Be3 Qf6 47. Qh5+ Kg8 48. Qd1 Qe7 49. Qd5+ Kh7 50. Qf3 Qe6 51. Bf2 Qf6 52. Qh5+ Kg8 53. Qd1 Nf4 54. Qb3+ Kh7 55. Qf3 Ng6 56. Qh5+ Kg8 57. Qd1 Nf8 58. Qa4 g5 59. Bd4 Qd6 60. Qc4+ Ne6 61. Bf6 Kh7 62. Qe2 Kg6 63. Bb2 Qb6+ 64. Kh2 Qc6 65. Be5 Qe4 66. Qxe4 fxe4 67. g3 Kf5 68. Bd6 Nd4 69. gxh4 gxh4 70. Kg2 1/2-1/2

[Event "Oberliga Nord W 1920"]
[Site "Germany"]
[Date "2020.01.19"]
[Round "5.3"]
[White "Izsak, Gyula"]
[Black "Meessen, Max"]
[Result "1/2-1/2"]
[WhiteElo "2418"]
[BlackElo "2221"]
[PlyCount "104"]
[EventDate "2019.09.29"]
[EventType "team-tourn"]
[EventRounds "9"]
[EventCountry "GER"]
[SourceTitle "CBM 195 Extra"]
[Source "ChessBase"]
[SourceDate "2020.05.31"]
[SourceVersion "1"]
[SourceVersionDate "2020.05.31"]
[SourceQuality "1"]

1. d4 d5 2. c4 e6 3. Nc3 Nf6 4. Bg5 Be7 5. e3 h6 6. Bh4 0-0 7. Qc2 c5 8. dxc5 dxc4 9. Bxc4 Qa5 10. Nf3 Qxc5 11. Bd3 Bd7 12. 0-0 Bc6 13. Nd4 Nd5 14. Nxc6 Bxh4 15. Nxd5 Qxd5 16. Bh7+ Kh8 17. Be4 Qb5 18. Nd4 Qb6 19. Qb3 Qxb3 20. axb3 Nc6 21. Bxc6 bxc6 22. Nxc6 a6 23. Rfc1 Bf6 24. Ra2 Rfc8 25. Rc4 g6 26. Kf1 Kg7 27. Ke2 h5 28. Kd3 Rc7 29. Ke2 Rb7 30. b4 Rb6 31. b3 Rc8 32. Rac2 Rc7 33. h3 Be7 34. Nxe7 Rxe7 35. Ra2 Rd7 36. Ra4 Rbd6 37. Rc2 Rb6 38. Rc4 Rbd6 39. Rd4 Kf6 40. Rxa6 Rxd4 41. exd4 Rxd4 42. Ra4 Rd5 43. Ra5 Rd4 44. Rb5 e5 45. Ke3 h4 46. Rb7 Ke6 47. Ke2 g5 48. Ke3 f6 49. Rb6+ Ke7 50. Rb7+ Ke6 51. Rb6+ Ke7 52. Rb7+ Ke6 1/2-1/2

[Event "HUN-chT 1819"]
[Site "Hungary"]
[Date "2019.04.28"]
[Round "9.5"]
[White "Cabarkapa, Novak"]
[Black "Izsak, Gyula"]
[Result "1/2-1/2"]
[WhiteElo "2432"]
[BlackElo "2425"]
[PlyCount "44"]
[EventDate "2018.11.17"]
[EventType "team-tourn"]
[EventRounds "9"]
[EventCountry "HUN"]
[SourceTitle "CBM 190 Extra"]
[Source "ChessBase"]
[SourceDate "2019.07.15"]
[SourceVersion "1"]
[SourceVersionDate "2019.07.15"]
[SourceQuality "1"]
[WhiteTeam "Mako Duocor"]
[BlackTeam "Kobanya Aquarena"]
[WhiteTeamCountry "HUN"]
[BlackTeamCountry "HUN"]

1. e4 c5 2. Nc3 e6 3. f4 a6 4. g3 b5 5. Bg2 Bb7 6. d3 d5 7. Qe2 Be7 8. Nf3 Nc6 9. 0-0 Nd4 10. Nxd4 cxd4 11. Nd1 dxe4 12. dxe4 Nf6 13. Bd2 0-0 14. Nf2 Rc8 15. Rac1 Qb6 16. g4 Nd7 17. g5 Rc4 18. Nd3 Rfc8 19. Be1 Qc7 20. Rf2 e5 21. b3 Rc6 22. h4 Ba3 1/2-1/2

[Event "HUN-chT 1819"]
[Site "Hungary"]
[Date "2018.11.18"]
[Round "2.4"]
[White "Izsak, Gyula"]
[Black "Polak, Tomas"]
[Result "1/2-1/2"]
[WhiteElo "2425"]
[BlackElo "2504"]
[PlyCount "42"]
[EventDate "2018.11.17"]
[EventType "team-tourn"]
[EventRounds "9"]
[EventCountry "HUN"]
[SourceTitle "CBM 187 Extra"]
[Source "ChessBase"]
[SourceDate "2018.11.04"]
[SourceVersion "1"]
[SourceVersionDate "2018.11.04"]
[SourceQuality "1"]
[WhiteTeam "Kobanya Aquarena"]
[BlackTeam "HVSE Infraplan"]
[WhiteTeamCountry "HUN"]
[BlackTeamCountry "HUN"]

1. d4 Nf6 2. Nf3 e6 3. c4 b6 4. g3 Ba6 5. Qc2 c5 6. Bg2 Nc6 7. dxc5 Bxc5 8. Qa4 Bb7 9. 0-0 0-0 10. Nc3 h6 11. Rd1 Qe7 12. a3 a5 13. Qc2 Rac8 14. Bd2 Ba6 15. Ne4 Nxe4 16. Qxe4 f5 17. Qc2 Nd4 18. Nxd4 Bxd4 19. e3 Bf6 20. Bf1 Bb7 21. Bc3 Bf3 1/2-1/2

[Event "Oberliga Nord W 1819"]
[Site "Germany"]
[Date "2018.11.11"]
[Round "2.2"]
[White "Tonndorf, Matthias"]
[Black "Izsak, Gyula"]
[Result "0-1"]
[WhiteElo "2216"]
[BlackElo "2427"]
[PlyCount "48"]
[EventDate "2018.10.21"]
[EventType "team-tourn"]
[EventRounds "9"]
[EventCountry "GER"]
[SourceTitle "EXT 2020"]
[Source "ChessBase"]
[SourceDate "2019.10.17"]
[SourceVersion "1"]
[SourceVersionDate "2019.10.17"]
[SourceQuality "1"]
[WhiteTeam "Hameln"]
[BlackTeam "Tostedt"]
[WhiteTeamCountry "GER"]
[BlackTeamCountry "GER"]

1. d4 d5 2. Nc3 Nf6 3. Bg5 Nbd7 4. Qd3 h6 5. Bf4 c6 6. Nf3 e6 7. e4 Bb4 8. exd5 Nxd5 9. Bd2 0-0 10. Be2 Nxc3 11. bxc3 Bd6 12. g4 e5 13. g5 Re8 14. dxe5 Nxe5 15. Nxe5 Rxe5 16. gxh6 Bf5 17. Qf3 Qd7 18. Rg1 g6 19. h4 Kh7 20. Bg5 Qe6 21. Be3 Re8 22. Qf4 Bc5 23. Qh2 Kg8 24. Bc4 Rxe3+ 0-1

[Event "Oberliga Nord W 1819"]
[Site "Germany"]
[Date "2018.10.21"]
[Round "1.3"]
[White "Izsak, Gyula"]
[Black "Polster, Christian"]
[Result "1/2-1/2"]
[WhiteElo "2427"]
[BlackElo "2294"]
[PlyCount "58"]
[EventDate "2018.10.21"]
[EventType "team-tourn"]
[EventRounds "9"]
[EventCountry "GER"]
[SourceTitle "EXT 2020"]
[Source "ChessBase"]
[SourceDate "2019.10.17"]
[SourceVersion "1"]
[SourceVersionDate "2019.10.17"]
[SourceQuality "1"]
[WhiteTeam "Tostedt"]
[BlackTeam "Lister Turm"]
[WhiteTeamCountry "GER"]
[BlackTeamCountry "GER"]

1. Nf3 d5 2. d4 Nf6 3. c4 e6 4. Nc3 c6 5. cxd5 exd5 6. Qc2 Be7 7. Bf4 Nh5 8. Bd2 0-0 9. e3 g6 10. Ne5 Nd7 11. Nd3 Ng7 12. Be2 Nb6 13. b3 Bf5 14. Qb2 Bxd3 15. Bxd3 Ne6 16. Ne2 Bf6 17. Bc3 Rc8 18. 0-0 c5 19. Rac1 Qe7 20. Qa3 a6 21. dxc5 Bxc3 22. Rxc3 Rxc5 23. Rxc5 Qxc5 24. Qxc5 Nxc5 25. Bb1 Rd8 26. Rd1 Ne6 27. Kf1 Kf8 28. Ke1 Ke7 29. h3 Nc8 1/2-1/2

[Event "HUN-chT 1718"]
[Site "Hungary"]
[Date "2018.05.06"]
[Round "9.4"]
[White "Izsak, Gyula"]
[Black "Babula, Vlastimil"]
[Result "1/2-1/2"]
[WhiteElo "2437"]
[BlackElo "2548"]
[PlyCount "216"]
[EventDate "2017.11.25"]
[EventType "team-tourn"]
[EventRounds "9"]
[EventCountry "HUN"]
[SourceTitle "EXT 2019"]
[Source "ChessBase"]
[SourceDate "2018.10.10"]
[SourceVersion "1"]
[SourceVersionDate "2018.10.10"]
[SourceQuality "1"]
[WhiteTeam "Kobanya Aquarena"]
[BlackTeam "HVSE Infraplan"]
[WhiteTeamCountry "HUN"]
[BlackTeamCountry "HUN"]

1. Nf3 Nf6 2. d4 e6 3. c4 b6 4. Nc3 Bb7 5. e3 d5 6. Bd3 Be7 7. 0-0 0-0 8. b3 dxc4 9. Bxc4 a6 10. Bb2 b5 11. Bd3 Nbd7 12. Rc1 c5 13. a4 cxd4 14. Nxd4 Nc5 15. Be2 b4 16. Nb1 Rc8 17. Nd2 Nd5 18. Nc4 Ne4 19. Bf3 Ndc3 20. Qc2 Bd5 21. Bxc3 Bxc4 22. bxc4 Nxc3 23. Bb7 Rxc4 24. Bxa6 Rc7 25. Qb3 Qa8 26. Bb5 Rfc8 27. Ra1 Qa5 28. Rfe1 Bf6 29. Bf1 Rd8 30. Nc2 Nd5 31. Nd4 Nc3 32. Nc2 Nd5 33. Nd4 Rc3 34. Qb1 Bxd4 35. exd4 g6 36. g3 b3 37. Qb2 Rdc8 38. Reb1 Nb6 39. Bb5 Qb4 40. Ra3 Nd5 41. Bf1 Qxd4 42. Rxb3 Qxa4 43. Rb8 Qa7 44. Bg2 Ne7 45. Qxc3 Rxb8 46. Rxb8+ Qxb8 47. Be4 Qd6 48. Kg2 e5 49. Kg1 Qe6 50. Qc5 Kg7 51. Qc7 Ng8 52. Bd3 Qe7 53. Qc6 Nf6 54. Bc4 h5 55. Be2 Qb4 56. Kg2 Qe4+ 57. Qxe4 Nxe4 58. h4 Nd2 59. f3 f5 60. Kf2 Kf6 61. Ke3 Nb3 62. f4 e4 63. Bc4 Nc5 64. Kd4 Ne6+ 65. Ke3 Ke7 66. Bb5 Nc7 67. Bc4 Ne8 68. Bb3 Nd6 69. Kd4 Kd8 70. Bd1 Kc7 71. Be2 Kb6 72. Bd1 Ka5 73. Kc5 Nb5 74. Kc4 Kb6 75. Be2 Kc6 76. Bd1 Nc7 77. Ba4+ Kd6 78. Kd4 Ne6+ 79. Ke3 Ke7 80. Bb3 Ng7 81. Kd4 Ne8 82. Bc4 Nf6 83. Ke3 Ng4+ 84. Ke2 Nh6 85. Ke3 Kd6 86. Kd4 Kc6 87. Be2 Ng4 88. Bc4 Nh6 89. Be2 Nf7 90. Bc4 Nd6 91. Be2 Nb5+ 92. Kc4 Na3+ 93. Kd4 Kd6 94. Ba6 Nc2+ 95. Kc3 Ne3 96. Kd4 Nd1 97. Bf1 Nf2 98. Bg2 Kc6 99. Ke3 Ng4+ 100. Kd4 Kb5 101. Bf1+ Kb4 102. Bc4 e3 103. Be2 Kb3 104. Kd3 Kb4 105. Bf3 Kc5 106. Be2 Kd5 107. Bf3+ Kc5 108. Be2 Kd5 1/2-1/2

[Event "HUN-chT 1718"]
[Site "Hungary"]
[Date "2018.02.18"]
[Round "6.2"]
[White "Lenic, Luka"]
[Black "Izsak, Gyula"]
[Result "1-0"]
[WhiteElo "2650"]
[BlackElo "2437"]
[PlyCount "103"]
[EventDate "2017.11.25"]
[EventType "team-tourn"]
[EventRounds "9"]
[EventCountry "HUN"]
[SourceTitle "EXT 2019"]
[Source "ChessBase"]
[SourceDate "2018.10.10"]
[SourceVersion "1"]
[SourceVersionDate "2018.10.10"]
[SourceQuality "1"]
[WhiteTeam "Aquaprofit"]
[BlackTeam "Kobanya Aquarena"]
[WhiteTeamCountry "HUN"]
[BlackTeamCountry "HUN"]

1. e4 c5 2. Nf3 e6 3. d4 cxd4 4. Nxd4 a6 5. c4 Nf6 6. Nc3 Bb4 7. Qd3 d5 8. exd5 exd5 9. Be2 0-0 10. 0-0 dxc4 11. Qxc4 Bd6 12. Rd1 Qc7 13. Qxc7 Bxc7 14. Bg5 Nbd7 15. Rac1 h6 16. Be3 Ne5 17. Ne4 Nd5 18. Bd2 Bb6 19. Nc5 Re8 20. Ndb3 Nf6 21. h3 Nfd7 22. Be3 Nxc5 23. Nxc5 Be6 24. b3 Bxc5 25. Bxc5 Rac8 26. Bd6 Nc6 27. Kf1 Red8 28. h4 Rd7 29. Ba3 Rxd1+ 30. Rxd1 a5 31. Rd2 Rd8 32. Rxd8+ Nxd8 33. Bb5 Nc6 34. Bc5 Nb4 35. Bxb4 axb4 36. Ke2 Kf8 37. Kd3 Ke7 38. Bc4 Bf5+ 39. Kd4 Bb1 40. Kc5 Bxa2 41. Kxb4 Bb1 42. Kc5 g5 43. hxg5 hxg5 44. b4 Be4 45. f3 Bf5 46. Bd5 g4 47. Bxb7 gxf3 48. gxf3 Kd7 49. Kb6 Bd3 50. Bc6+ Kc8 51. Ka7 Kc7 52. b5 1-0

[Event "HUN-chT 1617"]
[Site "Hungary"]
[Date "2017.04.09"]
[Round "9.3"]
[White "Acs, Peter"]
[Black "Izsak, Gyula"]
[Result "1/2-1/2"]
[WhiteElo "2579"]
[BlackElo "2430"]
[PlyCount "113"]
[EventDate "2016.10.30"]
[EventType "team-tourn"]
[EventRounds "9"]
[EventCountry "HUN"]
[SourceTitle "EXT 2018"]
[Source "ChessBase"]
[SourceDate "2017.10.13"]
[SourceVersion "1"]
[SourceVersionDate "2017.10.13"]
[SourceQuality "1"]
[WhiteTeam "Paks"]
[BlackTeam "Kobanya Aquarena"]
[WhiteTeamCountry "HUN"]
[BlackTeamCountry "HUN"]

1. e4 c5 2. Nf3 e6 3. c3 d5 4. exd5 Qxd5 5. d4 Nf6 6. c4 Qd8 7. Nc3 cxd4 8. Qxd4 Qxd4 9. Nxd4 a6 10. Nc2 Bd7 11. Be3 Nc6 12. 0-0-0 Rc8 13. f3 Nb4 14. Ne1 Be7 15. a3 Nc6 16. Na4 Ne5 17. Nb6 Bc5 18. Bxc5 Rxc5 19. Nd3 Nxd3+ 20. Bxd3 Rc6 21. Nxd7 Nxd7 22. b3 Ke7 23. Kb2 g6 24. Be4 Rc7 25. f4 Rhc8 26. Rhe1 a5 27. Bd3 Nb6 28. Re5 Rc5 29. Rxc5 Rxc5 30. Rc1 Rc7 31. Be4 Nd7 32. b4 b6 33. Kb3 axb4 34. axb4 Ra7 35. Bc6 Nf6 36. Bf3 Ne8 37. c5 bxc5 38. Rxc5 Nd6 39. Bc6 Ra1 40. Rc2 Rb1+ 41. Rb2 Rxb2+ 42. Kxb2 Nc4+ 43. Kc3 Nb6 44. Kd4 Kd6 45. Bf3 f6 46. Be4 f5 47. Bf3 h6 48. h4 Nd7 49. b5 e5+ 50. fxe5+ Nxe5 51. Be2 g5 52. h5 Nd7 53. Bd1 Nc5 54. Bc2 Ne6+ 55. Ke3 Nf4 56. Bxf5 Nxg2+ 57. Ke4 1/2-1/2

[Event "HUN-chT 1617"]
[Site "Hungary"]
[Date "2017.03.12"]
[Round "7.4"]
[White "Izsak, Gyula"]
[Black "Hujbert, Florian"]
[Result "1/2-1/2"]
[WhiteElo "2430"]
[BlackElo "2464"]
[PlyCount "106"]
[EventDate "2016.10.30"]
[EventType "team-tourn"]
[EventRounds "9"]
[EventCountry "HUN"]
[SourceTitle "EXT 2018"]
[Source "ChessBase"]
[SourceDate "2017.10.13"]
[SourceVersion "1"]
[SourceVersionDate "2017.10.13"]
[SourceQuality "1"]
[WhiteTeam "Kobanya Aquarena"]
[BlackTeam "Penzugyor"]
[WhiteTeamCountry "HUN"]
[BlackTeamCountry "HUN"]

1. d4 Nf6 2. Nf3 e6 3. c4 b6 4. g3 Bb7 5. Bg2 g6 6. Nc3 Ne4 7. Qc2 Nxc3 8. Qxc3 Bg7 9. 0-0 0-0 10. Bf4 d6 11. Qd2 Nd7 12. Bh6 Nf6 13. Bxg7 Kxg7 14. Rac1 Qe7 15. Ne1 Bxg2 16. Nxg2 a5 17. Rfd1 Rfe8 18. Nf4 e5 19. dxe5 Qxe5 20. Nd5 Nxd5 21. cxd5 Re7 22. e3 f5 23. Rc4 Rf8 24. Rdc1 Rff7 25. R1c3 Kg8 26. a3 Qg7 27. Qd4 Qxd4 28. Rxd4 Kg7 29. Kf1 Kf8 30. Ke2 Re4 31. Rdc4 Rxc4 32. Rxc4 Re7 33. Kd3 Kf7 34. Rd4 Ke8 35. h4 Kd7 36. Rc4 Re5 37. Rd4 c5 38. dxc6+ Kxc6 39. Rc4+ Kd7 40. b4 axb4 41. axb4 d5 42. Rc2 Re4 43. Ra2 Rxb4 44. Ra7+ Ke6 45. Rxh7 Rb2 46. f4 Rg2 47. Rb7 Rxg3 48. Rxb6+ Kf7 49. Rb7+ Kf6 50. Kd4 Rh3 51. Rh7 Ke6 52. Rg7 Kf6 53. Rh7 Ke6 1/2-1/2

[Event "Bundesliga 1516"]
[Site "Germany"]
[Date "2016.04.23"]
[Round "14.3"]
[White "Izsak, Gyula"]
[Black "Parligras, Mircea Emilian"]
[Result "1-0"]
[WhiteElo "2443"]
[BlackElo "2584"]
[PlyCount "93"]
[EventDate "2015.09.18"]
[EventType "team-tourn"]
[EventRounds "15"]
[EventCountry "GER"]
[SourceTitle "CBM 172"]
[Source "ChessBase"]
[SourceDate "2016.05.12"]
[SourceVersion "1"]
[SourceVersionDate "2016.05.12"]
[SourceQuality "1"]
[WhiteTeam "Griesheim"]
[BlackTeam "Trier"]
[WhiteTeamCountry "GER"]
[BlackTeamCountry "GER"]

1. d4 Nf6 2. c4 e6 3. Nf3 b6 4. g3 Ba6 5. Qc2 c6 6. Bg2 d5 7. cxd5 cxd5 8. 0-0 Bd6 9. Nc3 0-0 10. Bg5 Nbd7 11. Qa4 Bb7 12. Nd2 h6 13. Bxf6 Nxf6 14. Rac1 a6 15. Qb3 b5 16. e4 b4 17. e5 bxc3 18. Rxc3 Rb8 19. exd6 Qxd6 20. Qa3 Qb6 21. Nb3 Ne4 22. Rc2 Bc6 23. Rfc1 Bb5 24. Nc5 Nd6 25. Qc3 Rfc8 26. b3 a5 27. a4 Be8 28. Qd2 Rc6 29. Bf1 Rbc8 30. Bd3 Rb8 31. Qe3 Rbc8 32. Qd2 Nb7 33. Nxb7 Qxb7 34. Rxc6 Bxc6 35. Qxa5 Rb8 36. Rc3 Bd7 37. Bf1 Be8 38. Qc5 f6 39. a5 e5 40. a6 Qd7 41. Qc7 Ra8 42. Qxd7 Bxd7 43. Rc7 Bf5 44. dxe5 fxe5 45. a7 Kh7 46. Bb5 d4 47. Bc6 1-0

[Event "HUN-chT 1516"]
[Site "Hungary"]
[Date "2016.04.03"]
[Round "7.4"]
[White "Farkas, Tibor"]
[Black "Izsak, Gyula"]
[Result "1/2-1/2"]
[WhiteElo "2254"]
[BlackElo "2436"]
[PlyCount "46"]
[EventDate "2015.11.07"]
[EventType "team-tourn"]
[EventRounds "11"]
[EventCountry "HUN"]
[SourceTitle "CBM 171 Extra"]
[Source "ChessBase"]
[SourceDate "2016.04.26"]
[SourceVersion "1"]
[SourceVersionDate "2016.04.26"]
[SourceQuality "1"]
[WhiteTeam "Mako"]
[BlackTeam "Kobanya Aquarena"]
[WhiteTeamCountry "HUN"]
[BlackTeamCountry "HUN"]

1. Nf3 e6 2. c4 d5 3. e3 Nf6 4. d4 Be7 5. b3 0-0 6. Bb2 b6 7. Nbd2 Bb7 8. cxd5 exd5 9. Ne5 Nbd7 10. Nxd7 Qxd7 11. Bd3 Ne4 12. 0-0 Bd6 13. Rc1 Rfe8 14. Bxe4 dxe4 15. Nc4 Rac8 16. Nxd6 cxd6 17. Rxc8 Rxc8 18. Qd2 d5 19. Rc1 h6 20. h3 a5 21. Rxc8+ Qxc8 22. Qc3 Qxc3 23. Bxc3 Bc6 1/2-1/2

[Event "Bundesliga 1516"]
[Site "Germany"]
[Date "2016.02.21"]
[Round "9.6"]
[White "Votava, Jan"]
[Black "Izsak, Gyula"]
[Result "1/2-1/2"]
[WhiteElo "2521"]
[BlackElo "2443"]
[PlyCount "79"]
[EventDate "2015.09.18"]
[EventType "team-tourn"]
[EventRounds "15"]
[EventCountry "GER"]
[SourceTitle "CBM 171"]
[Source "ChessBase"]
[SourceDate "2016.03.14"]
[SourceVersion "2"]
[SourceVersionDate "2016.03.14"]
[SourceQuality "1"]
[WhiteTeam "Erfurt"]
[BlackTeam "Griesheim"]
[WhiteTeamCountry "GER"]
[BlackTeamCountry "GER"]

1. d4 Nf6 2. c4 e6 3. Nf3 d5 4. g3 Bb4+ 5. Bd2 Be7 6. Bg2 0-0 7. 0-0 c6 8. Qc2 Nbd7 9. Bf4 a5 10. a4 Nh5 11. Bd2 f5 12. Nc3 Bd6 13. Na2 Nhf6 14. b4 axb4 15. Nxb4 Ne4 16. Nd3 Nxd2 17. Nxd2 Qf6 18. e3 g5 19. f4 g4 20. h3 h5 21. hxg4 hxg4 22. Kf2 Qg6 23. Rh1 Kg7 24. Rh4 Rh8 25. Rxh8 Kxh8 26. a5 Qe8 27. Nb3 Kg7 28. cxd5 cxd5 29. Qc3 Be7 30. Nbc5 Nxc5 31. Nxc5 Qd8 32. Bf1 Kf7 33. Nd3 Bd6 34. Ne5+ Kg7 35. Rc1 Bd7 36. Nxd7 Qxd7 37. a6 bxa6 38. Qc6 Qxc6 39. Rxc6 Rd8 40. Bxa6 1/2-1/2